Formula One opening races - Statistics

General Stats
  • This quiz has been taken 1,696 times
  • The average score is 4 of 13
Answer Stats
Races Circuit % Correct
18 Albert Park, Melbourne
87%
2 Bahrain
81%
1 Silverstone
63%
5 Monte Carlo, Monaco
46%
3 Autodromo Jose Carlos Pace, Interlagos, Sao Paulo
42%
8 Kyalami
28%
15 Circuit Oscar Galvez, Buenos Aires
19%
1 Zandvoort
13%
7 Autodromo Nelson Piquet, Jacarepagua, Rio de Janiero
12%
1 Long Beach
8%
2 Phoenix
8%
1 Prince George Circuit, East London
5%
2 Bremgarten
4%
No matching quizzes found
Score Distribution
Percent of People with Each Score
Percentile by Number Answered
Your Score History
You have not taken this quiz